LEADER 01354nam0 22003133i 450 001 UBO1257768 005 20231121125855.0 010 $a0201151987 100 $a20141209d1991 ||||0itac50 ba 101 | $aeng 102 $aus 181 1$6z01$ai $bxxxe 182 1$6z01$an 200 1 $aAdvanced robotics$eredundancy and optimization$fYoshihiko Nakamura 210 $aReading (Mass.)$cAddison Wesley$d1991 215 $aXI, 337 p.$cill.$d24 cm. 225 | $aAddison-Wesley series in electrical and computer engineering$i. Control engineering 410 0$1001MIL0081765$12001 $aAddison-Wesley series in electrical and computer engineering$i. Control engineering 606 $aRobotica$2FIR$3RMLC377829$9I 676 $a629.892$9$v21 700 1$aNakamura$b, Yoshihiko$3UBOV484982$4070$025126 801 3$aIT$bIT-01$c20141209 850 $aIT-FR0099 899 $aBiblioteca Area Ingegneristica$bFR0099 912 $aUBO1257768 950 0$aBiblioteca Area Ingegneristica$d 54DII 629.8 NAK,$e 54VM 0000352555 VM barcode:BAIN003739. - Inventario:4630DVM$fA $h20041110$i20121204$d 54DII 629.8 NAK$e 54VM 0000352545 VM barcode:BAIN003738. - Inventario:1404DVM$fA $h20030922$i20121204 977 $a 54 996 $aAdvanced robotics$9334051 997 $aUNICAS